Nové technológie zmenia predaj i trh

Moderné digitálne techológie v retail segmente prinášajú doteraz nevídané možnosti v oblasti komunikácie so zákazníkom, cielenej reklamy a zákazníckeho zážitku. Príklady inovácií: PSD2, presné personalizované ponuky, omnikanály. Využitie blockchainu v retailovom segmente. Technológia blockchainu na...

Descrizione completa

Salvato in:
Dettagli Bibliografici
Natura: Capitolo di libro
Lingua:slovacco
Soggetti:
Tags: Aggiungi Tag
Nessun Tag, puoi essere il primo ad aggiungerne!!

MARC

LEADER 00000naa a2200000 4500
001 0246438
005 20180717103845.2
041 0 |a slo 
044 |a SK 
245 1 0 |a Nové technológie zmenia predaj i trh 
520 |a Moderné digitálne techológie v retail segmente prinášajú doteraz nevídané možnosti v oblasti komunikácie so zákazníkom, cielenej reklamy a zákazníckeho zážitku. Príklady inovácií: PSD2, presné personalizované ponuky, omnikanály. Využitie blockchainu v retailovom segmente. Technológia blockchainu na čerpacích staniciach. 
610 2 0 |a technológie informačné 
610 2 0 |a technológie komunikačné 
610 2 0 |a technológie nové 
610 2 0 |a inteligencia umelá 
610 2 0 |a digitalizácia 
610 2 0 |a retailing